000 01279nam a2200373 i 4500
001 13167
003 KOSZ 005
005 20230127111646.0
008 070921s1966 pl a f 000 0 pol
015 _aPB 1967/40
040 _aWA N
_cWA N
_dKOSZ 005/RW
_dKOSZ 005/HR
046 _k1966
080 _a621.3
100 1 _aFilipkowski, Andrzej
_d(1929-2020)
_eAutor
245 1 0 _aMikroelektroniczne układy scalone /
_cAndrzej Filipkowski.
260 _aWarszawa :
_bWydawnictwa Naukowo-Techniczne,
_cdr. 1966.
300 _a158, [1] s. :
_bil. ;
_c24 cm.
336 _2rdacontent
_aTekst
_btxt
337 _2rdamedia
_aBez urządzenia pośredniczącego
_bn
338 _2rdacarrier
_aWolumin
_bnc
380 _aKsiążki
388 _a1901-2000
388 _a1945-1989
490 1 _aNowa Technika ;
_vz. 63.
504 _aBibliogr. s. 151-[159].
521 8 _aDla inżynierów i techników oraz studentów.
650 4 _aMikroelektronika
650 4 _aUkład scalony
658 _aInżynieria i technika
710 2 _aWydawnictwa Naukowo-Techniczne
_4pbl.
830 0 _aNT Nowa Technika
_vz. 63
856 _uhttp://koha.tu.koszalin.pl/cgi-bin/koha/opac-detail.pl?biblionumber=13167
_yKatalog online BPK
942 _2UKD
_cKS
999 _c13167
_d13167